Countries That Produce The Most Cereal - Statistics

General Stats
  • This quiz has been taken 33 times
  • The average score is 13 of 15
Answer Stats
Tons of Cereal Country % Correct
130,037,708 Russia
100%
125,568,280 Brazil
97%
615,518,145 China
97%
335,035,000 India
97%
434,875,197 United States
97%
86,573,396 Argentina
93%
56,849,840 France
93%
65,013,700 Canada
90%
43,265,100 Germany
90%
42,540,915 Pakistan
80%
37,184,688 Turkey
80%
77,149,202 Indonesia
77%
64,342,357 Ukraine
73%
47,320,537 Vietnam
70%
59,960,399 Bangladesh
50%
No matching quizzes found
Score Distribution
Percent of People with Each Score
Percentile by Number Answered
Your Score History
You have not taken this quiz